Central Library OPAC University of Rajshahi

Pulses in Bangladesh / (Record no. 10365)

MARC details
000 -LEADER
fixed length control field 00654nam a2200229 a 4500
001 - CONTROL NUMBER
control field 10365
003 - CONTROL NUMBER IDENTIFIER
rucl marc code BD-RjUL
005 - DATE AND TIME OF LATEST TRANSACTION
control field 20211208234936.0
008 - FIXED-LENGTH DATA ELEMENTS--GENERAL INFORMATION
fixed length control field 181119s1982 bg a 0 a0eng
035 ## - SYSTEM CONTROL NUMBER
System control number (BD-RjUL)10413
040 ## - CATALOGING SOURCE
Original cataloging agency BD-RjUL
Transcribing agency BD-RjUL
Language of cataloging eng
041 ## - LANGUAGE CODE
Language code of text/sound track or separate title eng
082 #4 - DEWEY DECIMAL CLASSIFICATION NUMBER
Edition number 23
Classification number 633.3
Author mark and year GOP 1982
100 ## - MAIN ENTRY--PERSONAL NAME
Personal name Gowda, C. L. L.
9 (RLIN) 225042
245 00 - TITLE STATEMENT
Title Pulses in Bangladesh /
Number of part/section of a work C. L. L. Gowda.
260 ## - PUBLICATION, DISTRIBUTION, ETC. (IMPRINT)
Place of publication, distribution, etc. Joydebpur :
Name of publisher, distributor, etc. Bangladesh agricultural research Institute,
Date of publication, distribution, etc. 1982.
300 ## - PHYSICAL DESCRIPTION
Pagination 472 p. :
Illustrations ill. ;
Size 24 cm.
515 ## - NUMBERING PECULIARITIES NOTE
Numbering peculiarities note Suspended 1977-80.
650 ## - SUBJECT ADDED ENTRY--TOPICAL TERM
Topical term or geographic name as entry element Legumes
Geographic subdivision Bangladesh
9 (RLIN) 225043
Topical term or geographic name as entry element Legumes.
9 (RLIN) 225044
942 ## - ADDED ENTRY ELEMENTS (KOHA)
Source of classification or shelving scheme Dewey Decimal Classification
Koha item type Books
Holdings
Lost status Source of classification or shelving scheme Damaged status Not for loan Collection code Permanent Location Current Location Shelving location Date acquired Source of acquisition Total Checkouts Full call number Date last seen Copy number Koha item type
  Dewey Decimal Classification   Not For Loan Non-fiction Central Library, University of Rajshahi Central Library, University of Rajshahi Reading Room 23/11/1983 F.A.O   633.3 GOP 1982 19/11/2018 C-1 Books
  Dewey Decimal Classification     Non-fiction Central Library, University of Rajshahi Central Library, University of Rajshahi   23/11/1983 F.A.O. Dhaka   633.3 GOP 1982 20/02/2019 C-2 Books